00929nam a2200217 a 4500008004100000020001500041050002400056110005900080245017000139260003800309300001500347362002500362500001700387650001100404650002100415650003900436650001800475995007800493999001700571952012300588131025s2003 ||||||||||||||||| || u a9982260316 aCOMESA(058)ZCR/2002 aCommon Market for Eastern and Southern Africa (COMESA)10aRegional case studies on access to the European Union market for goods and services: Zambia country reportcby Common Market for Eastern and Southern Africa [COMESA] aLusaka:bCOMESA SECRETARIATc2003 a23p.: ill.1 a
Zambia - 2002
aBibliography aZAMBIA aZAMBIA--COMMERCE aZAMBIA--FOREIGN ECONOMIC RELATIONS aZAMBIA--TRADE FCBU-MAIN LIBRARY (Kitwe)M1UAVAILABLEWNov 25, 2013ZZambiana Collection c55894d55894 00102lcc4070a001b001cZambiana Collectiond2022-11-30l0oCOMESA(058)ZCR/2002pB1115r2022-11-30w2022-11-30y002